000 01564nam0a2200349 4500
001 RU\NLR\bibl\1860590
005 20250616182805.0
010 _a978-5-8291-1368-1
_91000
021 _aRU
_b2011-106255
_97601
035 _a(NLR Aleph) 001850493
090 _a2395145
_c2395145
100 _a20120126d2012 |||y0rusy50 ca
101 1 _arus
_cita
102 _aRU
105 _ay |||||||||
200 1 _aКритическая философия Германа Когена
_fАндреа Пома
_gпер. с ит. О.А. Поповой
210 _aМосква
_cАкадемический проект
_d2012 [т. е. 2011]
215 _a319 с.
_d22
225 1 _aФилософские технологии: hic et nunc
225 1 _aЕдиный гуманитарный мир
_iФилософские технологии
300 _aПер. изд.: La filosofia critica di Hermann Cohen / A. Poma. Milano: Ugo Mursia Editore, 1988
300 _aКн. фактически изд. в 2011 г.
454 0 _12001#$aLa filosofia critica di Hermann Cohen$bAndrea Poma
_1700#1$aPoma$bA.$gAndrea$4070
_1210##$aMilano$cMilano: Ugo Mursia Editore$d1988
_tLa filosofia critica di Hermann Cohen
_aPoma, Andrea
600 1 _aКоген
_bГ.
_f1842 - 1918
_gГерман
_xФилософские взгляды
_92226123
_3RU\NLR\auth\661336379
686 _aЮ3(4Г)6-632.2
700 1 _aПома
_bА.
_gАндреа
_4070
801 0 _aRU
_bNLR
_c20120126
_gRCR
801 1 _aRU
_bNLR
_c20120126
942 _cBOOK
980 _aNB
980 _aNBR